top 50 nba players ever by face - Statistics

General Stats
  • This quiz has been taken 268 times
  • The average score is 40 of 50
Answer Stats
Picture Answer % Correct
Dwayne wade
100%
Kobe Bryant
99%
Larry Bird
99%
Magic Johnson
99%
Michael Jordan
99%
Wilt Chamberlain
99%
Kareem Abdul Jabbar
98%
Shaquille O'neal
98%
Tim Duncan
98%
Bill Russell
96%
Dirk Nowitzki
96%
Jerry west
96%
Scottie Pippen
96%
Allen Iverson
95%
Charles barkley
95%
Stephen Curry
95%
Kevin Durant
94%
Kevin garnett
94%
Lebron James
94%
Russell Westbrook
94%
James Harden
92%
Steve Nash
92%
Moses Malone
91%
Jason Kidd
90%
John Stockton
90%
Karl Malone
90%
Ray allen
88%
Julius Erving
87%
David Robinson
86%
Oscar Robertson
85%
Bill Walton
79%
Isiah Thomas
77%
Patrick Ewing
74%
Bob Pettit
69%
Gary Payton
69%
Hakeem Olajuwon
67%
Kevin Mchale
67%
Bob Cousy
63%
Paul Pierce
63%
Wes Unseld
63%
George Mikan
62%
John Havlicek
62%
Elgin Baylor
61%
Clyde Drexler
59%
George Gervin
53%
rick Barry
51%
Walt frazier
51%
Dominique Wilkins
49%
Elvin Hayes
45%
Willis Reed
38%
No matching quizzes found
Score Distribution
Percent of People with Each Score
Percentile by Number Answered
Your Score History
You have not taken this quiz